[Event "8th HD Bank Cup 2018"]
[Site "Hanoi VIE"]
[Date "2018.03.10"]
[Round "1.51"]
[White "Rathnakaran, K."]
[Black "Pham, Thi Thu Hien"]
[Result "0-1"]
[WhiteTitle "IM"]
[WhiteElo "2395"]
[BlackElo "2138"]
[WhiteFideId "5005507"]
[BlackFideId "12402575"]
[EventDate "2018.03.10"]

1. e4 c5 2. Nf3 a6 3. d4 cxd4 4. Nxd4 Nf6 5. Bd3 e5 6. Nf3 d5 7. Qe2 dxe4 8.
Bxe4 Nxe4 9. Qxe4 Bd6 10. O-O O-O 11. Ng5 g6 12. Qh4 h5 13. Nc3 Nc6 14. Nce4 Be7
15. c3 f5 16. g4 fxe4 17. gxh5 gxh5 18. Qxh5 Bf5 19. Kh1 Qe8 20. Qe2 Bxg5 21.
Rg1 Kh8 22. Bxg5 Qf7 23. Rg3 Rae8 24. Rag1 Re6 25. b4 Ne7 26. a4 Nd5 27. Qd2 Rg6
28. Qd1 Nf4 29. h4 Qh7 30. R1g2 Nxg2 31. Kxg2 Rfg8 32. b5 axb5 33. axb5 e3 34.
Qe2 Qd7 35. Qxe3 Qxb5 36. c4 Qc6+ 37. Kh2 Qe4 38. Qxe4 Bxe4 39. Re3 Bc6 40. Rxe5
Re8 41. Rf5 Kh7 42. Kg3 Be4 43. Rf7+ Rg7 44. Rxg7+ Kxg7 0-1

[Event "8th HD Bank Cup 2018"]
[Site "Hanoi VIE"]
[Date "2018.03.10"]
[Round "1.52"]
[White "Bhambure, Shantanu"]
[Black "Shyaamnikhil, P"]
[Result "1/2-1/2"]
[BlackTitle "IM"]
[WhiteElo "2135"]
[BlackElo "2394"]
[WhiteFideId "5025931"]
[BlackFideId "5024218"]
[EventDate "2018.03.10"]

1. Nf3 Nf6 2. b3 g6 3. Bb2 Bg7 4. e3 O-O 5. Be2 b6 6. d4 Bb7 7. c4 e6 8. Nc3 Ne4
9. Rc1 d6 10. O-O Nxc3 11. Bxc3 Nd7 12. Nd2 f5 13. Bf3 c6 14. b4 Qc8 15. Nb3 e5
16. a4 e4 17. Be2 c5 18. a5 1/2-1/2

[Event "8th HD Bank Cup 2018"]
[Site "Hanoi VIE"]
[Date "2018.03.10"]
[Round "1.53"]
[White "Pham, Chuong"]
[Black "Liu, Zhaoqi"]
[Result "1/2-1/2"]
[WhiteTitle "IM"]
[WhiteElo "2393"]
[BlackElo "2133"]
[WhiteFideId "12401218"]
[BlackFideId "8609381"]
[EventDate "2018.03.10"]

1. d4 Nf6 2. c4 c5 3. d5 e6 4. Nc3 exd5 5. cxd5 d6 6. Nf3 g6 7. g3 Bg7 8. Bg2
O-O 9. O-O a6 10. a4 Re8 11. h3 Nbd7 12. Bf4 Qc7 13. Re1 Rb8 14. a5 b5 15. axb6
Nxb6 16. e4 Nfd7 17. Bf1 c4 18. Rc1 Nc5 19. Nd2 Qd8 20. Bxc4 g5 21. Be3 Nxc4 22.
Nxc4 Nxe4 23. Nxe4 Rxe4 1/2-1/2

[Event "8th HD Bank Cup 2018"]
[Site "Hanoi VIE"]
[Date "2018.03.10"]
[Round "1.54"]
[White "Pham, Xuan Dat"]
[Black "Karavade, Eesha"]
[Result "0-1"]
[BlackTitle "IM"]
[WhiteElo "2118"]
[BlackElo "2391"]
[WhiteFideId "12401307"]
[BlackFideId "5012600"]
[EventDate "2018.03.10"]

1. Nf3 d5 2. g3 g6 3. Bg2 Bg7 4. O-O e5 5. d3 Ne7 6. e4 O-O 7. exd5 Nxd5 8. Re1
Nc6 9. Nbd2 Re8 10. c3 b6 11. Nc4 Bb7 12. a4 a5 13. Qb3 Qd7 14. Bd2 Rad8 15. Bg5
f6 16. Bd2 Qf7 17. Rad1 Bc8 18. Bc1 Bf5 19. Qb5 Na7 20. Qb3 Ne7 21. Rf1 Nac6 22.
h3 Rd7 23. d4 exd4 24. Nxd4 Nxd4 25. Rxd4 Rxd4 26. cxd4 Be6 27. Qc2 Nd5 28. Bd2
Rd8 29. b3 Bf8 30. Qe4 Bf5 31. Qf3 Bb4 32. Bxb4 Nxb4 33. Ne3 Be6 34. Ng4 Kg7 0-1

[Event "8th HD Bank Cup 2018"]
[Site "Hanoi VIE"]
[Date "2018.03.10"]
[Round "1.55"]
[White "Sammed Jaykumar, Shete"]
[Black "Doan, Van Duc"]
[Result "1/2-1/2"]
[WhiteElo "2382"]
[BlackElo "2112"]
[WhiteFideId "5073421"]
[BlackFideId "12400335"]
[EventDate "2018.03.10"]

1. e4 c5 2. Nf3 d6 3. d4 cxd4 4. Nxd4 Nf6 5. Nc3 a6 6. Be2 e5 7. Nf3 Be7 8. Bg5
Be6 9. Qd2 Nbd7 10. a4 O-O 11. O-O Rc8 12. Rfd1 Qc7 13. h3 Rfe8 14. Rac1 h6 15.
Bxf6 Nxf6 16. Bf1 Qb6 17. Rb1 Qb4 18. Qe1 Bd8 19. g3 Ba5 20. Bg2 Qc5 21. Nh2
Bxc3 22. Qxc3 Qxc3 23. bxc3 Rxc3 24. Rxb7 Rxc2 25. Rxd6 Ba2 26. Rxa6 Bc4 27.
Rxf6 1/2-1/2

[Event "8th HD Bank Cup 2018"]
[Site "Hanoi VIE"]
[Date "2018.03.10"]
[Round "1.56"]
[White "Samant, Aditya S"]
[Black "Cao, Sang"]
[Result "0-1"]
[BlackTitle "GM"]
[WhiteElo "2107"]
[BlackElo "2381"]
[WhiteFideId "35080580"]
[BlackFideId "725056"]
[EventDate "2018.03.10"]

1. e4 c5 2. Nf3 Nc6 3. d4 cxd4 4. Nxd4 Nf6 5. Nc3 d6 6. Bg5 Bd7 7. Qd2 Qa5 8.
Nb3 Qc7 9. O-O-O Rc8 10. Kb1 a6 11. f4 e6 12. Be2 Be7 13. Bf3 h6 14. Bxf6 gxf6
15. Rhe1 h5 16. Ne2 h4 17. g3 Qb6 18. Ned4 Nxd4 19. Qxd4 Qxd4 20. Nxd4 Bd8 21.
g4 b5 22. b3 Bb6 23. f5 Ke7 24. Ne2 Bc6 25. Nf4 e5 26. Nd5+ Bxd5 27. Rxd5 Rc5
28. Red1 Rhc8 29. R1d2 b4 30. g5 0-1

[Event "8th HD Bank Cup 2018"]
[Site "Hanoi VIE"]
[Date "2018.03.10"]
[Round "1.57"]
[White "Taher, Yoseph Theolifus"]
[Black "Snehal, Bhosale"]
[Result "1-0"]
[WhiteTitle "FM"]
[WhiteElo "2375"]
[BlackElo "2105"]
[WhiteFideId "7105347"]
[BlackFideId "5021995"]
[EventDate "2018.03.10"]

1. c4 e5 2. Nc3 Nc6 3. g3 f5 4. Bg2 Bb4 5. Nd5 Bc5 6. e3 Nf6 7. Ne2 Nxd5 8. cxd5
Ne7 9. O-O Bb6 10. b3 O-O 11. Bb2 d6 1-0

[Event "8th HD Bank Cup 2018"]
[Site "Hanoi VIE"]
[Date "2018.03.10"]
[Round "1.58"]
[White "Looi, Xin Hao"]
[Black "Zhang, Ziji"]
[Result "1-0"]
[WhiteElo "2104"]
[BlackElo "2374"]
[WhiteFideId "5702828"]
[BlackFideId "8609470"]
[EventDate "2018.03.10"]

1. e4 d6 2. d4 Nf6 3. Nc3 g6 4. f4 Bg7 5. Nf3 O-O 6. Be2 a6 7. O-O b5 8. e5 Ne8
9. Qe1 Nc6 10. Ne4 Bf5 11. Ng3 Be6 12. c3 Qc8 13. Bd3 dxe5 14. Be4 exf4 1-0

[Event "8th HD Bank Cup 2018"]
[Site "Hanoi VIE"]
[Date "2018.03.10"]
[Round "1.60"]
[White "Vatsal, Singhania"]
[Black "Abhishek, Kelkar"]
[Result "0-1"]
[BlackTitle "IM"]
[WhiteElo "2090"]
[BlackElo "2370"]
[WhiteFideId "25033972"]
[BlackFideId "5019257"]
[EventDate "2018.03.10"]

1. e4 c5 2. Nf3 e6 3. d4 cxd4 4. Nxd4 a6 5. c4 Nf6 6. Nc3 Bb4 7. Bd3 Qc7 8. O-O
Nc6 9. Nc2 Bc5 10. a3 d6 11. b4 Ba7 12. Bf4 Ne5 13. Ne3 Ng6 14. Bg3 Bxe3 15.
fxe3 Nd7 16. Rc1 Nde5 17. Be2 Bd7 18. Qd4 Rc8 19. Rfd1 Ke7 20. Rc2 f6 21. Rcd2
Be8 22. Qxd6+ Qxd6 23. Rxd6 Nxc4 24. Rxe6+ Kf7 25. Bxc4 Rxc4 26. Rb6 Bc6 27. b5
axb5 28. Nxb5 Rc2 29. Nd4 Rd8 30. Rdb1 Rc4 31. Nxc6 bxc6 32. Rb7+ Ne7 33. e5 f5
34. Be1 Rd5 35. R7b4 Rxb4 36. Bxb4 c5 37. Be1 Rxe5 38. a4 Rxe3 39. Ra1 c4 0-1

[Event "8th HD Bank Cup 2018"]
[Site "Hanoi VIE"]
[Date "2018.03.10"]
[Round "1.61"]
[White "Vo, Thanh Ninh"]
[Black "Priyanka, K"]
[Result "1-0"]
[WhiteTitle "IM"]
[WhiteElo "2370"]
[BlackElo "2087"]
[WhiteFideId "12402141"]
[BlackFideId "5082986"]
[EventDate "2018.03.10"]

1. g3 Nf6 2. Bg2 g6 3. c4 Bg7 4. Nc3 d6 5. e4 O-O 6. Nge2 c5 7. O-O Nc6 8. d3 a6
9. a4 Rb8 10. h3 Ne8 11. Be3 Nc7 12. d4 cxd4 13. Nxd4 Ne6 14. Nde2 Nc5 15. Rb1
a5 16. f4 Nb4 17. Nd4 Ne6 18. Rf2 Bd7 19. b3 Nxd4 20. Bxd4 e5 21. fxe5 Nc6 22.
Be3 Bxe5 23. Ne2 Qe7 24. Bh6 Rfe8 25. Qd2 Be6 26. Kh2 Rbd8 27. Be3 f6 28. Bb6
Ra8 29. Rd1 Ra6 30. Be3 Raa8 31. Nc3 h5 32. Ne2 Red8 33. Kh1 Qd7 34. Nf4 Bxf4
35. Rxf4 Kg7 36. Bb6 Bxh3 37. Bxd8 Rxd8 38. Qc3 Qe6 39. Rd5 b6 40. Qe3 Ne7 41.
Rd3 Nc8 42. Qd4 Bg4 43. Rd2 Rf8 44. Kg1 Re8 45. Rdf2 Rf8 46. Rf1 Be2 47. R1f2
Bg4 48. Bf3 Qe5 49. Rd2 Be6 50. Bg2 Qg5 51. Rd3 Re8 52. Kh2 Rf8 53. Bh3 Bg4 54.
Rd2 Re8 55. Rdf2 1-0

[Event "8th HD Bank Cup 2018"]
[Site "Hanoi VIE"]
[Date "2018.03.10"]
[Round "1.62"]
[White "Song, Yuxin"]
[Black "Tran, Minh Thang"]
[Result "0-1"]
[WhiteTitle "WCM"]
[BlackTitle "IM"]
[WhiteElo "2067"]
[BlackElo "2366"]
[WhiteFideId "8614300"]
[BlackFideId "12401080"]
[EventDate "2018.03.10"]

1. e4 e6 2. d4 d5 3. Nd2 c5 4. exd5 Qxd5 5. Ngf3 cxd4 6. Bc4 Qd6 7. O-O Nf6 8.
Nb3 Nc6 9. Nbxd4 Nxd4 10. Qxd4 Qxd4 11. Nxd4 Bc5 12. Nb5 Ke7 13. Bg5 h6 14.
Bxf6+ gxf6 15. Rfe1 f5 16. Re5 Bb6 17. Rd1 a6 18. Nd6 Bc7 19. Nxc8+ Raxc8 20.
Re2 Bxh2+ 21. Kxh2 Rxc4 22. Red2 Kf6 23. c3 Rg8 24. Rd4 b5 25. f3 Rgc8 26. Rxc4
bxc4 27. Rd6 Rb8 28. Rxa6 Rxb2 29. Ra4 e5 30. Rxc4 Rxa2 31. Kg3 f4+ 32. Kh3 h5
33. Rc6+ Kg7 34. Rc7 Ra1 35. Kh2 h4 36. Rc6 Rc1 37. Rc5 f6 38. Rc7+ Kg6 39. Rc8
h3 40. gxh3 Rc2+ 41. Kg1 Kg5 42. Rh8 Rxc3 43. Kf2 Rc2+ 44. Kg1 e4 45. fxe4 f3
46. Rf8 Rc6 47. e5 f5 48. Ra8 0-1

[Event "8th HD Bank Cup 2018"]
[Site "Hanoi VIE"]
[Date "2018.03.10"]
[Round "1.64"]
[White "Tran, Le Dan Thuy"]
[Black "Xu, Zhihang"]
[Result "1-0"]
[WhiteTitle "WFM"]
[BlackTitle "FM"]
[WhiteElo "2036"]
[BlackElo "2364"]
[WhiteFideId "12403407"]
[BlackFideId "8611572"]
[EventDate "2018.03.10"]

1. d4 Nf6 2. Nf3 e6 3. c4 Bb4+ 4. Bd2 Qe7 5. Qb3 Bxd2+ 6. Nbxd2 d6 7. Qc3 Nbd7
8. e4 e5 9. dxe5 dxe5 10. Bd3 O-O 11. O-O a5 12. Rac1 b6 13. a3 a4 14. Bc2 Re8
15. Rfe1 Nc5 16. Nf1 Bg4 17. Ng3 Bxf3 18. Qxf3 Ne6 19. Nf5 Qc5 20. Bd1 Red8 21.
Qe3 g6 22. Nh6+ Kg7 23. Ng4 Qxe3 24. Nxe3 Rd2 25. Rc2 Rd4 26. f3 c6 27. Be2 Nd7
28. g3 Ndc5 29. Rd1 Rad8 30. Kf2 h5 31. Ke1 h4 32. Rc3 hxg3 33. hxg3 Rh8 34. Kf2
Rh2+ 35. Ng2 Rxd1 36. Bxd1 Nd4 37. Re3 Rh8 38. Ne1 f5 39. Kg2 Rd8 40. Nd3 Nde6
41. exf5 Rxd3 42. Rxd3 Nxd3 43. fxe6 Nxb2 44. Be2 Kf6 45. Kf2 Kxe6 46. Ke3 Kd6
47. Kd2 Kc5 48. Kc3 Nxc4 49. Bxc4 b5 50. Bf7 g5 51. g4 Kb6 1-0

[Event "8th HD Bank Cup 2018"]
[Site "Hanoi VIE"]
[Date "2018.03.10"]
[Round "1.65"]
[White "Chen, Qi b"]
[Black "Thipsay, Bagyashree Sathe"]
[Result "1-0"]
[BlackTitle "WIM"]
[WhiteElo "2359"]
[BlackElo "2000"]
[WhiteFideId "8614733"]
[BlackFideId "5001013"]
[EventDate "2018.03.10"]

1. e4 c6 2. d4 d5 3. e5 Bf5 4. h4 h5 5. Bd3 Bxd3 6. Qxd3 Qa5+ 7. Nd2 e6 8. Nf3
Qa6 9. c4 Nh6 10. O-O Nf5 11. b3 Be7 12. g3 Nd7 13. Rd1 O-O 14. Bb2 Rac8 15. Qf1
g6 16. a4 b6 17. a5 Qb7 18. Qe2 Rfd8 19. a6 Qa8 20. Nf1 Nf8 21. Ne3 Nxe3 22.
Qxe3 c5 23. cxd5 Qxd5 24. Ba3 Rc7 25. Kg2 c4 26. bxc4 Qd7 27. d5 Bxa3 28. Qxa3
Qc8 29. Ng5 Rxc4 30. Qf3 Rc7 31. d6 Rcd7 32. Rdc1 Qb8 33. Rc6 Rc8 34. Rac1 Rxc6
35. Rxc6 Qe8 36. Ne4 Nh7 37. Qc3 Kg7 38. Rc8 Rd8 39. Rxd8 Qxd8 40. Qc7 1-0

[Event "8th HD Bank Cup 2018"]
[Site "Hanoi VIE"]
[Date "2018.03.10"]
[Round "2.1"]
[White "Li, Yankai"]
[Black "Le, Quang Liem"]
[Result "1/2-1/2"]
[BlackTitle "GM"]
[WhiteElo "2434"]
[BlackElo "2736"]
[WhiteFideId "8609357"]
[BlackFideId "12401137"]
[EventDate "2018.03.10"]

1. d4 Nf6 2. c4 g6 3. Nc3 d5 4. Bg5 Ne4 5. Bf4 Nxc3 6. bxc3 Bg7 7. e3 O-O 8. Nf3
c5 9. cxd5 Qxd5 10. Be2 cxd4 11. cxd4 Nc6 12. O-O Bf5 13. Qa4 Qa5 14. Qxa5 Nxa5
15. Rfc1 Rfc8 16. Kf1 Kf8 17. h3 Ke8 18. Bb5+ Bd7 19. Bxd7+ Kxd7 20. Ng5 f6 21.
Ne4 b6 22. Ke2 Rc6 23. Rxc6 Nxc6 24. Rb1 Rc8 25. g4 Na5 26. Kd3 e5 27. dxe5 fxe5
28. Bg3 h6 29. f3 Ke6 30. Be1 Nb7 31. a4 Bf8 32. Bd2 Be7 33. Rb2 Rf8 34. Ke2 h5
35. Rb5 hxg4 36. hxg4 Nc5 37. Nxc5+ Bxc5 38. Bb4 Bxb4 1/2-1/2

[Event "8th HD Bank Cup 2018"]
[Site "Hanoi VIE"]
[Date "2018.03.10"]
[Round "2.2"]
[White "Wang, Hao"]
[Black "Pascua, Haridas"]
[Result "1/2-1/2"]
[WhiteTitle "GM"]
[BlackTitle "IM"]
[WhiteElo "2713"]
[BlackElo "2431"]
[WhiteFideId "8602883"]
[BlackFideId "5203953"]
[EventDate "2018.03.10"]

1. e4 c5 2. Nf3 e6 3. d4 cxd4 4. Nxd4 Nc6 5. Nc3 a6 6. g3 Qc7 7. Bg2 Nf6 8. O-O
d6 9. Re1 Be7 10. Nxc6 bxc6 11. e5 dxe5 12. Rxe5 Bd6 13. Re1 O-O 14. Bg5 Rb8 15.
Qc1 c5 16. Bxf6 gxf6 17. Qh6 f5 18. Qg5+ Kh8 19. Qf6+ Kg8 20. Qg5+ Kh8 21. Rad1
Be7 22. Qe3 Bb7 23. Bxb7 Rxb7 24. Ne2 Bd6 25. Nc1 Rb4 26. Qc3+ Kg8 27. a3 Rg4
28. Nb3 Rc8 29. Nd2 c4 30. Nf3 Rb8 31. Ne5 Bxe5 32. Rxe5 Qb6 33. Re2 h6 34. h3
Rg7 35. Qe5 Kh7 36. c3 Rxg3+ 37. Qxg3 Rg8 38. Qxg8+ Kxg8 39. Rd4 1/2-1/2

[Event "8th HD Bank Cup 2018"]
[Site "Hanoi VIE"]
[Date "2018.03.10"]
[Round "2.3"]
[White "Mareco, Sandro"]
[Black "Raghunandan, Kaumandur Srihari"]
[Result "1/2-1/2"]
[WhiteTitle "GM"]
[BlackTitle "IM"]
[WhiteElo "2635"]
[BlackElo "2412"]
[WhiteFideId "112275"]
[BlackFideId "25004964"]
[EventDate "2018.03.10"]

1. d4 Nf6 2. c4 g6 3. g3 Bg7 4. Bg2 O-O 5. Nf3 d6 6. O-O Bf5 7. Nc3 c6 8. Ne1 d5
9. h3 dxc4 10. e4 Bc8 11. Nc2 b5 12. a4 bxa4 13. Ne3 Nfd7 14. e5 Nb6 15. f4 Na6
16. Bxc6 Rb8 17. Bg2 Nb4 18. Nxa4 Nd3 19. d5 Bb7 20. Nc3 Qc7 21. Kh2 Qc5 22. Ne4
Qb5 23. Nc3 Qc5 24. Ne4 Qb5 25. Bd2 Nxb2 26. Qb1 N6a4 27. Rxa4 Qxa4 28. Qxb2
Bxd5 29. Qd4 Bxe4 30. Qxe4 Rfd8 31. Nd5 Qd7 32. Bc3 e6 33. Nb4 Rdc8 34. Qf3 a5
35. Nc6 Rb3 36. Nxa5 Ra3 37. Rc1 Bf8 38. Qb7 Qxb7 39. Nxb7 Rc7 40. Nd6 Ra2 41.
h4 Ra6 42. Ne8 Rc8 43. Nf6+ Kg7 44. h5 Bc5 45. Bf1 Ra2+ 46. Kh3 Ba3 47. Rd1 Rc2
48. Ne4 gxh5 49. Rd7 Bc5 50. g4 Be3 51. gxh5 Rxc3 52. Nxc3 Bxf4 53. Ne4 c3 54.
Bd3 c2 55. Bxc2 Rxc2 56. Nd6 1/2-1/2

[Event "8th HD Bank Cup 2018"]
[Site "Hanoi VIE"]
[Date "2018.03.10"]
[Round "2.4"]
[White "Vo, Thi Kim Phung"]
[Black "Gordievsky, Dmitry"]
[Result "0-1"]
[WhiteTitle "WGM"]
[BlackTitle "GM"]
[WhiteElo "2425"]
[BlackElo "2630"]
[WhiteFideId "12401838"]
[BlackFideId "24112798"]
[EventDate "2018.03.10"]

1. d4 Nf6 2. c4 b6 3. Nc3 Bb7 4. Qc2 d5 5. cxd5 Nxd5 6. e4 Nxc3 7. bxc3 e5 8.
dxe5 Qe7 9. Nf3 Nd7 10. Bg5 f6 11. Bf4 fxe5 12. Bg5 Qe6 13. Nd2 Bc5 14. Be2 Qg6
15. Bh4 O-O 16. O-O Nf6 17. Bg3 Rad8 18. Bf3 Nh5 19. Bxh5 Qxh5 20. Nc4 Rde8 21.
Rfe1 Qf7 22. Ne3 Qg6 23. Nc4 h5 24. Kh1 h4 25. Bxh4 Rf4 26. Bg3 Bxe4 27. Qe2
Bxg2+ 28. Kxg2 Rxf2+ 29. Qxf2 Bxf2 30. Nxe5 Bxg3 31. Nxg6 Bxe1 32. c4 Bb4 33.
Kf3 Bd6 34. h4 Kh7 35. Rg1 Bc5 36. Rg2 Re3+ 37. Kf4 Rc3 38. Kf5 Rxc4 39. Nf4 Rc1
40. h5 Rf1 41. Ke4 Bd6 42. Nh3 Rf6 43. Ng5+ Kh6 44. Nh3 Re6+ 45. Kf3 Re7 46. Rg5
Rf7+ 47. Kg4 Rf6 48. Kh4 Re6 49. Kg4 Re4+ 50. Kf5 Re3 51. Rg6+ Kxh5 52. Rg5+ Kh4
53. Rxg7 Kxh3 0-1

[Event "8th HD Bank Cup 2018"]
[Site "Hanoi VIE"]
[Date "2018.03.10"]
[Round "2.5"]
[White "Tu, Hoang Thong"]
[Black "Aravindh, Chithambaram VR."]
[Result "0-1"]
[WhiteTitle "GM"]
[BlackTitle "GM"]
[WhiteElo "2414"]
[BlackElo "2617"]
[WhiteFideId "12400076"]
[BlackFideId "5072786"]
[EventDate "2018.03.10"]

1. d4 Nf6 2. Nf3 d5 3. Bf4 g6 4. Nc3 Bg7 5. Nb5 Na6 6. e3 c6 7. Na3 Bg4 8. Be2
Qb6 9. Rb1 O-O 10. O-O c5 11. h3 Bxf3 12. Bxf3 Nb4 13. c3 Nc6 14. b4 cxb4 15.
cxb4 Rfc8 16. Qb3 e6 17. Rfc1 Bf8 18. Nc2 Ne8 19. Ne1 Qxb4 20. Qxb4 Nxb4 21.
Rxc8 Rxc8 22. a3 Nc6 23. Rxb7 Bxa3 24. Nd3 Bd6 25. Ne5 Bxe5 26. Bxe5 a5 27. Bf4
Ra8 28. Rb6 Ne7 29. Rb3 a4 30. Ra3 Nc8 31. Bd1 Nb6 32. Kf1 Kf8 33. Ke2 Ke7 34.
Kd3 Nd6 35. Ra2 Nb5 36. f3 a3 37. Bg3 Nc4 38. Be1 Nb2+ 39. Ke2 Kd7 40. Bb4 Rc8
41. Bb3 Rb8 42. Kd2 Nd6 43. Kc3 Nb5+ 44. Kd2 Nd6 45. Kc3 Rc8+ 46. Bc5 Nb5+ 47.
Kd2 Rxc5 48. dxc5 Kc6 49. Ra1 Kxc5 50. Rc1+ Kb4 51. Ba2 Na4 52. Rb1+ Nb2 53. Rc1
Nc4+ 54. Kd3 Nbd6 55. e4 Nb2+ 56. Kc2 dxe4 57. fxe4 Nxe4 58. Rf1 Nd6 59. Rf4+
Kc5 60. Rf3 Kb4 61. Rf4+ Kc5 62. Rf3 Nbc4 63. Bxc4 Kxc4 64. Rxa3 Kd4 65. Kd1 h5
66. Ke2 Ke5 67. Kf3 h4 68. Ra5+ Kf6 69. Kg4 Nf5 70. Kf4 g5+ 71. Kg4 Kg6 72. Re5
Nh6+ 73. Kf3 Ng8 74. g3 hxg3 75. Kxg3 Ne7 76. Re1 Nf5+ 77. Kg4 Nd4 78. Kg3 f5
79. Ra1 Kh5 80. Ra6 e5 81. Ra5 e4 82. Kg2 Nf3 83. Kf2 f4 84. Ra6 Nd4 85. Ra4 e3+
86. Kf1 Nf5 87. Kg2 Nh4+ 88. Kf1 f3 89. Re4 Ng2 90. Rxe3 Nxe3+ 91. Kf2 Nd5 92.
Kxf3 Kh4 0-1

[Event "8th HD Bank Cup 2018"]
[Site "Hanoi VIE"]
[Date "2018.03.10"]
[Round "2.6"]
[White "Bui, Vinh"]
[Black "Zhao, Jun"]
[Result "0-1"]
[WhiteTitle "GM"]
[BlackTitle "GM"]
[WhiteElo "2400"]
[BlackElo "2599"]
[WhiteFideId "12400726"]
[BlackFideId "8602522"]
[EventDate "2018.03.10"]

1. d4 Nf6 2. Bg5 g6 3. Bxf6 exf6 4. e3 Bg7 5. Nf3 O-O 6. Be2 f5 7. O-O d6 8. c4
Nd7 9. Nc3 Re8 10. Qc2 b6 11. Rad1 Bb7 12. Nd2 Nf6 13. Bf3 Bxf3 14. Nxf3 Qd7 15.
b4 h5 16. a3 a6 17. c5 Ne4 18. Nd2 Nxc3 19. Qxc3 dxc5 20. bxc5 f4 21. c6 Qd6 22.
Nf3 fxe3 23. fxe3 Qd5 24. Ne5 Re7 25. Rd2 Rae8 26. Rdf2 Bxe5 27. dxe5 Rxe5 28.
Rxf7 Qxf7 29. Rxf7 Kxf7 30. Qc4+ R8e6 31. Qxa6 Rxc6 32. Qc8 Re7 33. Qh8 Rce6 34.
Kf2 Rxe3 35. Qh7+ Kf6 36. Qh8+ Kf7 37. Qh7+ Kf6 38. Qh8+ Kg5 39. h4+ Kxh4 40.
Qf6+ g5 41. Qf5 Rxa3 42. Kg1 Rg3 43. Qd5 Rge3 44. Qf5 R7e4 45. Kh2 Rf4 46. Qd7
Rg3 47. Qe8 Rfg4 48. Kh1 c5 49. Qd8 b5 50. Qd5 b4 51. Qxc5 b3 52. Qf2 Rf4 53.
Qb2 Rc4 54. Qe2 Rc1+ 55. Kh2 Rxg2+ 0-1

[Event "8th HD Bank Cup 2018"]
[Site "Hanoi VIE"]
[Date "2018.03.10"]
[Round "2.7"]
[White "Karthikeyan, Murali"]
[Black "Hoang, Canh Huan"]
[Result "1-0"]
[WhiteTitle "GM"]
[BlackTitle "FM"]
[WhiteElo "2592"]
[BlackElo "2402"]
[WhiteFideId "5074452"]
[BlackFideId "12400599"]
[EventDate "2018.03.10"]

1. e4 c5 2. Nf3 Nc6 3. Nc3 d6 4. d4 cxd4 5. Nxd4 Nf6 6. Bg5 e6 7. Qd2 a6 8.
O-O-O h6 9. Bf4 Bd7 10. Nxc6 Bxc6 11. Qe1 Qb8 12. Nd5 Nd7 13. f3 Bxd5 14. exd5
e5 15. h4 Be7 16. Be3 Qc7 17. g4 Rc8 18. Bd3 Bd8 19. Kb1 Qa5 20. c3 Bb6 21. Bc1
Rc7 22. Bc2 Nf6 23. g5 Nxd5 24. Bb3 Ne7 25. gxh6 g6 26. Rxd6 Qc5 27. Rd5 Qf2 28.
Qxe5 Rh7 29. Ba4+ 1-0

[Event "8th HD Bank Cup 2018"]
[Site "Hanoi VIE"]
[Date "2018.03.10"]
[Round "2.8"]
[White "Karavade, Eesha"]
[Black "Rozum, Ivan"]
[Result "1/2-1/2"]
[WhiteTitle "IM"]
[BlackTitle "GM"]
[WhiteElo "2391"]
[BlackElo "2582"]
[WhiteFideId "5012600"]
[BlackFideId "24104272"]
[EventDate "2018.03.10"]

1. d4 Nf6 2. c4 e6 3. Nf3 Bb4+ 4. Bd2 a5 5. g3 b6 6. Bg2 Bb7 7. O-O O-O 8. Nc3
d6 9. Qc2 Nbd7 10. a3 Bxc3 11. Bxc3 a4 12. Rfe1 Be4 13. Qc1 Re8 14. Bh3 Bb7 15.
Qc2 Ne4 16. Rad1 Ndf6 17. Bd2 Nxd2 18. Nxd2 e5 19. Nb1 exd4 20. Rxd4 Re4 21. Qd2
Qe8 22. Nc3 Rxd4 23. Qxd4 Bc6 24. e4 Ra5 25. f4 Rc5 26. e5 dxe5 27. Rxe5 Rxe5
28. Qxe5 Qd8 29. Qe3 h5 30. Bf5 g6 31. Bc2 Ng4 32. Qd3 Qe7 33. Ne2 Qe3+ 34. Qxe3
Nxe3 35. Nd4 Bd7 36. Bd3 Nd1 37. b4 axb3 38. Nxb3 Nb2 39. Be2 Be6 40. Nd2 Kf8
41. Kf2 Ke7 42. Ke3 Na4 43. Ne4 Bf5 44. Bd1 Bd7 45. Bxa4 Bxa4 46. c5 Bc6 47.
cxb6 cxb6 48. Nd2 Ke6 49. Nc4 b5 50. Ne5 Be8 51. Ke4 f6 52. Nd3 Bc6+ 53. Kd4 Kf5
54. Kc5 Be8 55. Nf2 g5 56. fxg5 fxg5 1/2-1/2

[Event "8th HD Bank Cup 2018"]
[Site "Hanoi VIE"]
[Date "2018.03.10"]
[Round "2.9"]
[White "Bogdanovich, Stanislav"]
[Black "Taher, Yoseph Theolifus"]
[Result "1-0"]
[WhiteTitle "GM"]
[BlackTitle "FM"]
[WhiteElo "2560"]
[BlackElo "2375"]
[WhiteFideId "14115298"]
[BlackFideId "7105347"]
[EventDate "2018.03.10"]

1. d4 Nf6 2. c4 g6 3. Nc3 Bg7 4. e4 d6 5. Nf3 O-O 6. Be2 e5 7. O-O Nc6 8. d5 Ne7
9. Ne1 Nd7 10. Nd3 f5 11. Bd2 fxe4 12. Nxe4 Nf6 13. Nxf6+ Bxf6 14. Bg4 Nf5 15.
Re1 Bd7 16. Bc3 Re8 17. f3 Bg5 18. Qb3 b6 19. Nf2 Be3 20. Re2 Nd4 21. Bxd4 Bxd4
22. Bxd7 Qxd7 23. Kf1 Bxf2 24. Kxf2 Rf8 25. Re4 Rf7 26. Qb5 a5 27. Qxd7 Rxd7 28.
Ke3 Rf8 29. Kd3 Rdf7 30. Rae1 Kg7 31. Kc2 Rf4 32. Kb3 R4f7 33. Ka4 g5 34. Kb5
Kg6 35. b3 h6 36. a3 Rg7 37. Kc6 Rff7 38. b4 axb4 39. axb4 h5 40. h3 Kf5 41. Ra1
g4 42. hxg4+ hxg4 43. Ra7 gxf3 44. gxf3 Rh7 45. b5 Re7 46. Ra8 Ref7 47. Rc8 Rfg7
48. Rf8+ Rf7 49. Rxf7+ Rxf7 50. Rg4 Rh7 51. Re4 Rf7 52. Re3 Kf4 53. Ra3 Kg3 54.
Ra7 Kxf3 55. c5 dxc5 56. d6 Rf6 57. Kxc7 e4 58. d7 Rf8 59. Ra1 Kf2 60. d8=Q Rxd8
61. Kxd8 c4 62. Ra4 1-0

[Event "8th HD Bank Cup 2018"]
[Site "Hanoi VIE"]
[Date "2018.03.10"]
[Round "2.10"]
[White "Cao, Sang"]
[Black "Pichot, Alan"]
[Result "0-1"]
[WhiteTitle "GM"]
[BlackTitle "GM"]
[WhiteElo "2381"]
[BlackElo "2558"]
[WhiteFideId "725056"]
[BlackFideId "110973"]
[EventDate "2018.03.10"]

1. e4 c5 2. Nc3 e6 3. Nf3 a6 4. g3 b5 5. Bg2 Bb7 6. O-O b4 7. Na4 Bxe4 8. d4
cxd4 9. Qxd4 Nf6 10. Bg5 Nc6 11. Qe3 d5 12. c4 bxc3 13. Nxc3 Bxf3 14. Bxf3 Be7
15. Bxf6 gxf6 16. Rad1 Ne5 17. Bxd5 exd5 18. Nxd5 O-O 19. f4 Nc6 20. Qc3 Nb4 21.
Nc7 Qb8 22. Rfe1 Qb6+ 23. Kg2 Rad8 24. Kh3 Rxd1 25. Rxd1 Rd8 26. Re1 Nc6 27. Rc1
Nd4 28. Qe3 Rd7 29. Rc4 Rxc7 30. Rxc7 Qxc7 31. Qxd4 Qc8+ 32. Kg2 Qc2+ 33. Kh3
Qe2 34. Qc3 Qf1+ 35. Kg4 h5+ 36. Kf5 Qb1+ 0-1